| 000 | 00438nam a2200145 i 4500 | ||
|---|---|---|---|
| 001 | 36162 | ||
| 003 | ES-MaACL | ||
| 007 | t| | ||
| 008 | 030217s1920 it ||||1| ita d | ||
| 100 | 1 |
_aBrianzi, Aldo. _931675 |
|
| 245 | 1 | 0 |
_aGrammatica della lingua eposta com metodo razionale ad uso delle scuole medie / _cAldo Brianzi. |
| 260 |
_aLivorno : _bRaffaello Giusti, _c1920. |
||
| 300 |
_aXII, 174 p. ; _c19 cm. |
||
| 852 |
_aES-MaACL _jB-4242 |
||
| 999 |
_c36162 _d36162 |
||